[Event "Rated Blitz tournament 2J5NcuXp"]
[Site "?"]
[Date "2021.07.01"]
[Round "?"]
[White "Davigator"]
[Black "Schachelite"]
[Result "0-1"]
[WhiteElo "2416"]
[BlackElo "2455"]
[PlyCount "154"]
[EventDate "2021.??.??"]
[EventType "blitz"]

1. e4 e5 2. Nf3 d5 3. Nxe5 Bd6 4. d4 dxe4 5. Bc4 Bxe5 6. Qh5 Qe7 7. Qxe5 Qxe5
8. dxe5 Nc6 9. Nc3 Nxe5 10. Bd5 f5 11. O-O c6 12. Bb3 Nf6 13. f3 Bd7 14. fxe4
fxe4 15. Bg5 O-O-O 16. Bxf6 gxf6 17. Rxf6 Ng4 18. Rf4 Rhe8 19. Rxe4 Bf5 20.
Rxe8 Rxe8 21. h3 Ne3 22. Re1 Kd8 23. Re2 Bg6 24. g4 b5 25. Kf2 Nc4 26. Rxe8+
Kxe8 27. Bxc4 bxc4 28. Na4 Bxc2 29. Nc5 Ke7 30. a3 Kd6 31. Na6 c5 32. Ke3 Kc6
33. Kf4 Ba4 34. Ke5 Bb5 35. Nb8+ Kc7 36. Kd5 Kxb8 37. Kxc5 a6 38. g5 Kc7 39. h4
Kd7 40. h5 Ke6 41. g6 hxg6 42. hxg6 Kf6 43. a4 Bxa4 44. Kxc4 Kxg6 45. Kb4 Bb5
46. Ka3 Kf5 47. Ka2 Ke4 48. Ka1 Kd3 49. b4 Kc4 50. Kb1 Kb3 51. Ka1 Ka3 52. Kb1
Bc4 53. Ka1 Bb3 54. Kb1 Ba2+ 55. Ka1 Bc4 56. Kb1 Kb3 57. Ka1 Ka3 58. Kb1 Ka4
59. Ka1 Bd3 60. Kb2 Bg6 61. Ka1 Be8 62. Kb2 Bd7 63. Ka1 Kb3 64. Kb1 Kc3 65. Ka1
Kc2 66. Ka2 Kc1 67. Ka1 Bf5 68. b5 axb5 69. Ka2 Kc2 70. Ka3 Bd7 71. Ka2 b4 72.
Ka1 Kc3 73. Kb1 b3 74. Kc1 b2+ 75. Kb1 Bf5+ 76. Ka2 b1=Q+ 77. Ka3 Qa1# {Normal}
0-1

[Event "Rated Blitz game"]
[Site "?"]
[Date "2021.07.01"]
[Round "?"]
[White "Portdawg"]
[Black "Razario90"]
[Result "0-1"]
[WhiteElo "2397"]
[BlackElo "2416"]
[PlyCount "51"]
[EventDate "2021.??.??"]
[EventType "blitz"]

1. e4 e5 2. Nf3 d5 3. d4 dxe4 4. Nxe5 Bd6 5. Nc4 Nf6 6. Ne3 O-O 7. Be2 Re8 8.
h3 b6 9. c4 c5 10. d5 Nbd7 11. Nc3 Ne5 12. b3 a6 13. a4 Bc7 14. Bb2 Bd7 15. Qd2
Qe7 16. Rd1 Bd6 17. Qc2 Ng6 18. Ng4 Nxg4 19. hxg4 e3 20. f3 Nh4 21. Kf1 f5 22.
Bd3 Rf8 23. Ne2 fxg4 24. Bxh7+ Kh8 25. Rxh4 Qxh4 26. Qg6 {Normal} 0-1

[Event "Rated Blitz tournament emFROqWz"]
[Site "?"]
[Date "2021.07.01"]
[Round "?"]
[White "V_vs"]
[Black "Fantastic_power06"]
[Result "1-0"]
[WhiteElo "2544"]
[BlackElo "2651"]
[PlyCount "53"]
[EventDate "2021.??.??"]
[EventType "blitz"]

1. e4 e5 2. Nf3 d5 3. d4 Bc5 4. dxc5 d4 5. Nxe5 Nf6 6. Bd3 O-O 7. O-O Re8 8.
Nf3 Nxe4 9. Re1 Nxc5 10. Rxe8+ Qxe8 11. Nxd4 Nxd3 12. cxd3 c5 13. Nf3 b6 14.
Nc3 Bb7 15. Bf4 Nc6 16. Qd2 Qd7 17. Re1 Rd8 18. Qe3 Nd4 19. Ne5 Qf5 20. Nc6
Bxc6 21. h3 h6 22. Bg3 Re8 23. Qd2 Rxe1+ 24. Qxe1 Qxd3 25. Qe7 Qd1+ 26. Nxd1
Nf3+ 27. gxf3 {Normal} 1-0

[Event "Rated Rapid game"]
[Site "?"]
[Date "2021.07.01"]
[Round "?"]
[White "Suhov549"]
[Black "InvisibleKoT"]
[Result "0-1"]
[WhiteElo "2547"]
[BlackElo "2688"]
[PlyCount "86"]
[EventDate "2021.??.??"]
[EventType "rapid"]

1. e4 e5 2. Nf3 d5 3. Nxe5 Bd6 4. d4 dxe4 5. Bc4 Bxe5 6. Qh5 Qe7 7. dxe5 Nc6 8.
Bf4 g6 9. Qe2 g5 10. Bg3 h5 11. h4 Bg4 12. Qxe4 O-O-O 13. O-O Rd4 14. Qe3 Rxc4
15. hxg5 h4 16. Bf4 Nd4 17. Nc3 b6 18. Kh2 Nf5 19. Qd2 Rd4 20. Qc1 h3 21. g3
Bf3 22. Nb5 Rc4 23. b3 Rc5 24. c4 Kb7 25. b4 Rxb5 26. cxb5 Qe6 27. Qc3 Bg2 28.
Rfc1 Nge7 29. Qxc7+ Ka8 30. Qc3 Nd5 31. Qd2 Kb7 32. Rc6 Qe8 33. a4 Nxf4 34. Rf6
Nd5 35. Rxf5 Qe6 36. Qd3 Nxb4 37. Qb1 Nd5 38. a5 bxa5 39. Rxa5 Nc3 40. Qa1 Qxf5
41. Rxa7+ Kb8 42. Qa5 Bb7 43. b6 Qxf2# {Normal} 0-1

[Event "Rated Blitz game"]
[Site "?"]
[Date "2021.07.01"]
[Round "?"]
[White "Mitasov"]
[Black "blastol"]
[Result "0-1"]
[WhiteElo "2372"]
[BlackElo "2436"]
[PlyCount "44"]
[EventDate "2021.??.??"]
[EventType "blitz"]

1. e4 e5 2. Nf3 d5 3. Nxe5 Bd6 4. d4 dxe4 5. Nc4 Nf6 6. Nxd6+ Qxd6 7. Be2 Nc6
8. Be3 Qb4+ 9. Bd2 Qxb2 10. Bc3 Qb6 11. O-O Nd5 12. Re1 O-O 13. Bc4 Nxc3 14.
Nxc3 Qxd4 15. Nxe4 Bf5 16. Qxd4 Nxd4 17. Bd3 Bg6 18. Rab1 b6 19. Rbd1 Rad8 20.
Bc4 Nxc2 21. Rxd8 Rxd8 22. Re3 Nxe3 {Normal} 0-1

[Event "Rated Blitz game"]
[Site "?"]
[Date "2021.07.01"]
[Round "?"]
[White "Plmlgs99"]
[Black "Fantastic_power06"]
[Result "0-1"]
[WhiteElo "2545"]
[BlackElo "2643"]
[PlyCount "26"]
[EventDate "2021.??.??"]
[EventType "blitz"]

1. e4 e5 2. Nf3 d5 3. d3 dxe4 4. dxe4 Qxd1+ 5. Kxd1 Bg4 6. c3 f5 7. h3 Bh5 8.
g4 fxg4 9. Nxe5 gxh3+ 10. Kc2 Nf6 11. f3 Bd6 12. Nc4 Bxf3 13. Rxh3 Bxe4+ {
Normal} 0-1

[Event "Rated Blitz tournament NlZeZFEG"]
[Site "?"]
[Date "2021.07.01"]
[Round "?"]
[White "amzbkd"]
[Black "om_gendut"]
[Result "1/2-1/2"]
[WhiteElo "2369"]
[BlackElo "2442"]
[PlyCount "21"]
[EventDate "2021.??.??"]
[EventType "blitz"]

1. e4 e5 2. Nf3 d5 3. exd5 e4 4. Qe2 Be7 5. Nd4 Qxd5 6. Qb5+ Qxb5 7. Nxb5 Na6
8. N5c3 Nb4 9. Na3 Nf6 10. Bc4 Bf5 11. Bb3 {Normal} 1/2-1/2

[Event "Rated Blitz game"]
[Site "?"]
[Date "2021.07.01"]
[Round "?"]
[White "Carlseng"]
[Black "Armament_Haki"]
[Result "1-0"]
[WhiteElo "2431"]
[BlackElo "2513"]
[PlyCount "87"]
[EventDate "2021.??.??"]
[EventType "blitz"]

1. e4 e5 2. Nf3 d5 3. exd5 e4 4. Qe2 Be7 5. Qxe4 Nf6 6. Qa4+ c6 7. dxc6 O-O 8.
cxb7 Bxb7 9. Be2 Re8 10. O-O Bd6 11. Bd1 Nbd7 12. d4 Qc7 13. c3 Bxf3 14. Bxf3
Bxh2+ 15. Kh1 Rad8 16. g3 Bxg3 17. fxg3 Qxg3 18. Qc2 Ng4 19. Bxg4 Qxg4 20. Qg2
Qh4+ 21. Kg1 Qh5 22. Qg5 Qh3 23. Bf4 Nf6 24. Qg2 Qh5 25. Nd2 Re2 26. Rf2 Rde8
27. Nf3 Rxf2 28. Qxf2 Re4 29. Bg3 Rg4 30. Re1 Ne4 31. Nh2 h6 32. Nxg4 Nxf2 33.
Nxf2 Qf3 34. Bh2 f6 35. Rd1 g5 36. d5 Qf5 37. d6 Qd7 38. c4 g4 39. c5 h5 40. c6
Qxc6 41. d7 h4 42. d8=Q+ Kf7 43. Qd7+ Kg6 44. Qxc6 {Normal} 1-0

[Event "Rated Blitz game"]
[Site "?"]
[Date "2021.07.01"]
[Round "?"]
[White "Apollon94"]
[Black "KamranShirazi"]
[Result "1-0"]
[WhiteElo "2425"]
[BlackElo "2526"]
[PlyCount "107"]
[EventDate "2021.??.??"]
[EventType "blitz"]

1. e4 e5 2. Nf3 d5 3. Nxe5 Bd6 4. d4 dxe4 5. Nc4 Be7 6. Nc3 f5 7. Bf4 g5 8. Be5
Nf6 9. Be2 O-O 10. f3 exf3 11. Bxf3 g4 12. Be2 Be6 13. Qd2 Nc6 14. O-O-O Nxe5
15. Nxe5 Nd5 16. Kb1 Bg5 17. Qe1 Ne3 18. Rd3 Nxg2 19. Qf2 Nf4 20. Rdd1 Nh3 21.
Qe1 c6 22. Bf1 Nf4 23. h4 Bh6 24. Rg1 Qd6 25. Bc4 Rae8 26. Qf1 Kh8 27. Bxe6
Rxe6 28. Nc4 Qe7 29. d5 cxd5 30. Nxd5 Nxd5 31. Rxd5 Be3 32. Nxe3 Rxe3 33. a3
Qe6 34. Qb5 g3 35. Qxb7 Re1+ 36. Rxe1 Qxe1+ 37. Ka2 g2 38. Rd7 g1=Q 39. Rxh7+
Kg8 40. Rh6 Qb1+ 41. Kb3 Qe3+ 42. c3 Qd1+ 43. Ka2 Qxh6 44. Qb3+ Qxb3+ 45. Kxb3
Qb6+ 46. Ka2 Re8 47. b4 Re2+ 48. Kb3 Qd6 49. Kc4 Qc6+ 50. Kb3 Qd5+ 51. c4 Qd4
52. Ka4 Qxc4 53. Ka5 a6 54. a4 {Time forfeit} 1-0

[Event "Rated Blitz tournament N1TvfDOd"]
[Site "?"]
[Date "2021.07.01"]
[Round "?"]
[White "iaraldinho"]
[Black "dr_xStranger"]
[Result "0-1"]
[WhiteElo "2377"]
[BlackElo "2478"]
[PlyCount "42"]
[EventDate "2021.??.??"]
[EventType "blitz"]

1. e4 e5 2. Nf3 d5 3. Nxe5 Bd6 4. d4 dxe4 5. Nc4 Nf6 6. Nxd6+ Qxd6 7. Nc3 O-O
8. Bg5 Re8 9. Be2 h6 10. Bxf6 Qxf6 11. O-O Nc6 12. d5 Nd4 13. Bc4 Nf5 14. Kh1
Nd6 15. Bb3 Qg6 16. Re1 Bg4 17. Qd4 Qf5 18. Ba4 Re5 19. f3 Bxf3 20. Bd7 Bxg2+
21. Kxg2 Qf3+ {Normal} 0-1

[Event "Rated Blitz game"]
[Site "?"]
[Date "2021.07.01"]
[Round "?"]
[White "YEIKOCASTELLA"]
[Black "Armament_Haki"]
[Result "0-1"]
[WhiteElo "2519"]
[BlackElo "2509"]
[PlyCount "90"]
[EventDate "2021.??.??"]
[EventType "blitz"]

1. e4 e5 2. Nf3 d5 3. exd5 e4 4. Ne5 Qe7 5. Nc4 Nf6 6. Nc3 c6 7. d6 Qd8 8. d3
b5 9. Ne3 exd3 10. Bxd3 Bxd6 11. O-O O-O 12. Nf5 Bc7 13. Bg5 h6 14. Bh4 Nbd7
15. f4 Nc5 16. Rf3 Nxd3 17. Rxd3 Bxf5 18. Rxd8 Raxd8 19. Qf3 Bb6+ 20. Bf2 b4
21. Bxb6 axb6 22. Na4 b5 23. Nc5 Rd5 24. Nd3 c5 25. Re1 Bxd3 26. cxd3 Rfd8 27.
Re3 c4 28. dxc4 bxc4 29. h3 Rd3 30. Rxd3 cxd3 31. Qd1 Ne4 32. Kf1 f5 33. g4 d2
34. gxf5 Kf8 35. Ke2 Ng3+ 36. Kf3 Nxf5 37. Ke4 Nd6+ 38. Kd3 Nf5+ 39. Ke4 g6 40.
a4 bxa3 41. bxa3 h5 42. a4 Rd4+ 43. Ke5 Ne3 44. Kxd4 Nxd1 45. Kd3 Nb2+ {
Time forfeit} 0-1

[Event "Rated Blitz tournament DdLTTxDR"]
[Site "?"]
[Date "2021.07.01"]
[Round "?"]
[White "panpeter365"]
[Black "Mettigel"]
[Result "0-1"]
[WhiteElo "2223"]
[BlackElo "2441"]
[PlyCount "154"]
[EventDate "2021.??.??"]
[EventType "blitz"]

1. e4 e5 2. Nf3 d5 3. exd5 e4 4. Ng1 Qxd5 5. Nc3 Qe5 6. Qe2 Nf6 7. d3 Nc6 8.
dxe4 Bb4 9. Bd2 O-O 10. O-O-O Be6 11. f3 Qa5 12. a3 Bxa3 13. Nb1 Bb4 14. c3 Bc5
15. Qb5 Qxb5 16. Bxb5 Bb6 17. Bxc6 bxc6 18. Ne2 a5 19. Nd4 Bd7 20. g4 c5 21.
Nf5 g6 22. Ne7+ Kg7 23. Nd5 Nxd5 24. exd5 c4 25. h4 Bc5 26. h5 a4 27. hxg6 fxg6
28. Bh6+ Kg8 29. Bxf8 Rxf8 30. Rhf1 Rf4 31. Rde1 Kf7 32. Kd2 h5 33. Re4 Rf6 34.
Rxc4 Bd6 35. gxh5 gxh5 36. Rh4 Kg6 37. Rg1+ Kh6 38. Ke2 Bf4 39. Rgh1 Be8 40. c4
Rf5 41. Nc3 Bg3 42. R4h3 Re5+ 43. Ne4 Bf4 44. Kd3 Bg6 45. Kd4 Rf5 46. c5 Be5+
47. Kc4 Bxb2 48. d6 cxd6 49. cxd6 a3 50. d7 Rf8 51. Kd5 Rd8 52. Kc6 a2 53. Kc7
Rf8 54. d8=Q Rxd8 55. Kxd8 a1=Q 56. Rxa1 Bxa1 57. Ng3 Kg5 58. Nxh5 Bxh5 59.
Rg3+ Kh6 60. Rh3 Be5 61. Rh1 Bf4 62. Ke7 Kg5 63. Ke6 Bxf3 64. Rf1 Bg4+ 65. Kf7
Bg3 66. Kg7 Bf4 67. Kf7 Bg3 68. Kf8 Bf4 69. Ke8 Bg3 70. Kd8 Bf4 71. Ke7 Bg3 72.
Kf8 Bf4 73. Ra1 Bg3 74. Ra5+ Kh4 75. Ra4 Kh5 76. Ra5+ Kh4 77. Ra7 Kh5 {Time
forfeit} 0-1

[Event "Rated Blitz tournament V5RUfSg6"]
[Site "?"]
[Date "2021.07.01"]
[Round "?"]
[White "Donnerhall"]
[Black "Lur15"]
[Result "1-0"]
[WhiteElo "2702"]
[BlackElo "2299"]
[PlyCount "47"]
[EventDate "2021.??.??"]
[EventType "blitz"]

1. e4 e5 2. Nf3 d5 3. exd5 e4 4. Qe2 Nf6 5. Nc3 Be7 6. Nxe4 O-O 7. Nxf6+ Bxf6
8. Qd1 Qxd5 9. Be2 c5 10. O-O Nc6 11. d3 Bg4 12. c3 Rad8 13. Be3 b6 14. Qb3 Qd7
15. Rfe1 Be6 16. Qd1 Bg4 17. h3 Bxf3 18. Bxf3 Ne5 19. d4 Nxf3+ 20. Qxf3 cxd4
21. cxd4 Bxd4 22. Rad1 Qa4 23. Qf4 Rfe8 24. Rf1 {Normal} 1-0

[Event "Rated Blitz game"]
[Site "?"]
[Date "2021.06.30"]
[Round "?"]
[White "Lizimikaru"]
[Black "elcabusin"]
[Result "0-1"]
[WhiteElo "2368"]
[BlackElo "2401"]
[PlyCount "22"]
[EventDate "2021.??.??"]
[EventType "blitz"]

1. e4 e5 2. Nf3 d5 3. exd5 e4 4. Qe2 Nf6 5. Nc3 Be7 6. Nxe4 Nxd5 7. d4 O-O 8.
Bd2 Re8 9. O-O-O f5 10. Nc3 Nxc3 11. Qc4+ Nd5 {Normal} 0-1

[Event "Rated Blitz game"]
[Site "?"]
[Date "2021.06.30"]
[Round "?"]
[White "Dabar1"]
[Black "annaly1979"]
[Result "0-1"]
[WhiteElo "2462"]
[BlackElo "2412"]
[PlyCount "82"]
[EventDate "2021.??.??"]
[EventType "blitz"]

1. e4 e5 2. Nf3 d5 3. exd5 e4 4. Nd4 c5 5. Nb5 f5 6. d3 a6 7. N5c3 Nf6 8. dxe4
fxe4 9. Bg5 Bf5 10. Nd2 Nbd7 11. Ndxe4 Qa5 12. Nxf6+ gxf6 13. Bd2 O-O-O 14. Be2
Qc7 15. O-O Bd6 16. h3 Rhg8 17. Bg4 Bxg4 18. hxg4 Ne5 19. f3 Nc4 20. Ne4 Bh2+
21. Kf2 Qe5 22. Bc3 Qc7 23. g3 f5 24. Nf6 Qxg3+ 25. Ke2 fxg4 26. Qd3 Rgf8 27.
fxg4 Ne5 28. Qxg3 Bxg3 29. Rad1 Ng6 30. Kf3 Be5 31. g5 Bxc3 32. bxc3 h6 33. Kg4
hxg5 34. Kxg5 Ne5 35. Rde1 Nc4 36. Re7 Rd6 37. Re6 Rdd8 38. Rf4 Nd6 39. Ne4
Rg8+ 40. Kf6 Rdf8+ 41. Ke5 Nc4# {Normal} 0-1

[Event "Rated Blitz game"]
[Site "?"]
[Date "2021.06.30"]
[Round "?"]
[White "Udemzo"]
[Black "Razario90"]
[Result "0-1"]
[WhiteElo "2474"]
[BlackElo "2423"]
[PlyCount "24"]
[EventDate "2021.??.??"]
[EventType "blitz"]

1. e4 e5 2. Nf3 d5 3. exd5 e4 4. Qe2 Nf6 5. d3 Qxd5 6. Nbd2 Nc6 7. Nxe4 Nxe4 8.
dxe4 Qc5 9. c3 Bg4 10. Qb5 O-O-O 11. Qxc5 Bxc5 12. Ng5 Rd1# {Normal} 0-1

[Event "Rated Blitz game"]
[Site "?"]
[Date "2021.06.30"]
[Round "?"]
[White "MrTarrasch"]
[Black "annaly1979"]
[Result "0-1"]
[WhiteElo "2446"]
[BlackElo "2424"]
[PlyCount "30"]
[EventDate "2021.??.??"]
[EventType "blitz"]

1. e4 e5 2. Nf3 d5 3. exd5 e4 4. Qe2 f5 5. d3 Nf6 6. Bg5 Be7 7. dxe4 fxe4 8.
Bxf6 Bxf6 9. Qxe4+ Kf7 10. Qb4 Re8+ 11. Be2 a5 12. Qb3 a4 13. Qa3 Na6 14. Nc3
Bd7 15. Kd2 Be7 {Normal} 0-1

[Event "Rated Blitz game"]
[Site "?"]
[Date "2021.06.30"]
[Round "?"]
[White "GhengisClown"]
[Black "RiskyBlitzer"]
[Result "1-0"]
[WhiteElo "2425"]
[BlackElo "2457"]
[PlyCount "79"]
[EventDate "2021.??.??"]
[EventType "blitz"]

1. e4 e5 2. Nf3 d5 3. exd5 e4 4. Qe2 Nf6 5. d3 Be7 6. dxe4 O-O 7. Nc3 Re8 8.
Bd2 Bb4 9. O-O-O Bxc3 10. Bxc3 Nxe4 11. Bd4 Qxd5 12. Qc4 Qxc4 13. Bxc4 Nd6 14.
Rhe1 Rxe1 15. Rxe1 Kf8 16. Bb3 Nd7 17. Ng5 h6 18. Ne4 Nxe4 19. Rxe4 b6 20. Bd5
Rb8 21. c4 Bb7 22. Bxb7 Rxb7 23. Kc2 c5 24. Bc3 Nb8 25. b3 Nc6 26. h4 Re7 27.
Kd3 Rxe4 28. Kxe4 g6 29. Kd5 Ne7+ 30. Ke5 Ke8 31. g3 h5 32. Kd6 Nf5+ 33. Kc7
Ke7 34. Kb7 Kd7 35. Kxa7 Kc6 36. a4 Nd4 37. b4 Ne2 38. b5+ Kd6 39. Be1 Kc7 40.
a5 {Normal} 1-0

[Event "Rated Blitz game"]
[Site "?"]
[Date "2021.06.30"]
[Round "?"]
[White "taoneto"]
[Black "annaly1979"]
[Result "1-0"]
[WhiteElo "2453"]
[BlackElo "2400"]
[PlyCount "81"]
[EventDate "2021.??.??"]
[EventType "blitz"]

1. e4 e5 2. Nf3 d5 3. exd5 e4 4. Qe2 f5 5. d3 Nf6 6. dxe4 fxe4 7. Nc3 Be7 8.
Nxe4 Nxe4 9. Qxe4 O-O 10. Be3 Bd6 11. O-O-O Bf5 12. Qh4 Qe8 13. Bd3 Bxd3 14.
Rxd3 Nd7 15. Ng5 Qg6 16. f4 Nc5 17. Bxc5 Bxc5 18. Ne6 Bd6 19. Nxf8 Rxf8 20. g3
b5 21. Re1 b4 22. Qh3 Kh8 23. Rde3 a5 24. Qd7 h6 25. Re8 Rxe8 26. Qxe8+ Kh7 27.
Qxg6+ Kxg6 28. Re6+ Kf5 29. Kd2 g5 30. fxg5 hxg5 31. Ke3 g4 32. Kd4 a4 33. c4
bxc3 34. bxc3 Ba3 35. c4 Bb2+ 36. Kd3 Ba3 37. Rc6 Bd6 38. c5 Bf8 39. Rxc7 Ke5
40. Rd7 Bh6 41. c6 {Normal} 1-0

[Event "Rated Blitz game"]
[Site "?"]
[Date "2021.06.30"]
[Round "?"]
[White "samidescalona2002"]
[Black "vovaches"]
[Result "1-0"]
[WhiteElo "2563"]
[BlackElo "2576"]
[PlyCount "111"]
[EventDate "2021.??.??"]
[EventType "blitz"]

1. e4 e5 2. Nf3 d5 3. Nxe5 Bd6 4. d4 dxe4 5. Bc4 Bxe5 6. Qh5 Qe7 7. Qxe5 Qxe5
8. dxe5 Nc6 9. Nc3 Nxe5 10. Bb3 Bf5 11. Bf4 f6 12. O-O-O Ne7 13. Nb5 Rc8 14.
Nxa7 Ra8 15. Nb5 Rc8 16. Rhe1 N7g6 17. Be3 b6 18. Nd4 Bd7 19. Ne6 Bxe6 20. Bxe6
Rd8 21. Bf5 Ke7 22. Bxe4 Rxd1+ 23. Rxd1 Ng4 24. Re1 Nxe3 25. Rxe3 Ne5 26. h3 g5
27. b3 h5 28. g3 Kd6 29. f4 gxf4 30. gxf4 Nd7 31. Bf5 Nc5 32. b4 Na6 33. a3 c5
34. Re6+ Kd5 35. Rxb6 Ra8 36. Bd7 Ra7 37. Bb5 Nc7 38. Kb2 Ke4 39. Bc4 Kxf4 40.
Rxf6+ Ke5 41. Rh6 Kd4 42. Kb3 cxb4 43. axb4 Ra1 44. c3+ Ke3 45. Rxh5 Ne8 46.
Re5+ Kf4 47. Rxe8 Kg5 48. b5 Kf6 49. Kb2 Ra7 50. b6 Rb7 51. Re6+ Kf5 52. Rc6
Ke5 53. Bb5 Kd5 54. c4+ Kd4 55. c5 Rxb6 56. cxb6 {Normal} 1-0

[Event "Rated Blitz game"]
[Site "?"]
[Date "2021.06.30"]
[Round "?"]
[White "SybariticSuffocation"]
[Black "annaly1979"]
[Result "1-0"]
[WhiteElo "2463"]
[BlackElo "2409"]
[PlyCount "51"]
[EventDate "2021.??.??"]
[EventType "blitz"]

1. e4 e5 2. Nf3 d5 3. exd5 e4 4. Qe2 f5 5. d3 Nf6 6. dxe4 fxe4 7. Nc3 Be7 8.
Ng5 Bf5 9. Qb5+ Nbd7 10. d6 Bxd6 11. Qxf5 Qe7 12. Be3 O-O-O 13. O-O-O Kb8 14.
Ngxe4 Nxe4 15. Qxe4 Qf7 16. Bc4 Qf6 17. Bd4 Qg5+ 18. Kb1 Nc5 19. Qe3 Bf4 20.
Qf3 Rhf8 21. h4 Qe7 22. Nd5 Qd6 23. Nxf4 Rxf4 24. Bxc5 Rxf3 25. Bxd6 Rxf2 26.
Bc5 {Normal} 1-0

[Event "Rated Blitz game"]
[Site "?"]
[Date "2021.06.30"]
[Round "?"]
[White "taoneto"]
[Black "annaly1979"]
[Result "0-1"]
[WhiteElo "2435"]
[BlackElo "2424"]
[PlyCount "126"]
[EventDate "2021.??.??"]
[EventType "blitz"]

1. e4 e5 2. Nf3 d5 3. exd5 e4 4. Qe2 f5 5. d3 Nf6 6. dxe4 fxe4 7. Nc3 Bb4 8.
Bd2 Bxc3 9. Bxc3 O-O 10. Ne5 Nbd7 11. Nxd7 Bxd7 12. O-O-O b6 13. h3 b5 14. Qe3
a5 15. Be5 Re8 16. Qd4 Bf5 17. g4 Bg6 18. Bxb5 Rf8 19. d6 cxd6 20. Qxd6 Qc8 21.
g5 Nh5 22. Qd7 Qc5 23. Qd5+ Qxd5 24. Rxd5 Rf5 25. Bc4 Bf7 26. Rhd1 Rxe5 27.
Rxe5 Bxc4 28. Rxe4 Bf7 29. Rd7 Bg6 30. Ree7 Rc8 31. c3 a4 32. Kd2 Bf5 33. Rc7
Rd8+ 34. Ke2 Bxh3 35. b3 axb3 36. axb3 Bg4+ 37. f3 Bf5 38. c4 Bd3+ 39. Ke3 Bf5
40. b4 Rd3+ 41. Kf2 Rd2+ 42. Ke3 Rd3+ 43. Kf2 Rd8 44. c5 Nf4 45. b5 Nd3+ 46.
Ke3 Nb4 47. Rxg7+ Kh8 48. b6 Nd5+ 49. Kf2 Nxb6 50. cxb6 Rb8 51. Kg3 Bg6 52.
Rgf7 Bxf7 53. Rxf7 Rxb6 54. Rf6 Rb5 55. f4 Rb3+ 56. Kg4 Rb1 57. Rf8+ Kg7 58.
Rf6 h5+ 59. Kf5 Rb5+ 60. Ke4 Rb4+ 61. Ke5 Ra4 62. Ke6 Ra5 63. Rf7+ Kg6 {
Time forfeit} 0-1

[Event "Rated Blitz tournament 3W5CcUxu"]
[Site "?"]
[Date "2021.06.30"]
[Round "?"]
[White "Josss_Gandosss"]
[Black "om_gendut"]
[Result "0-1"]
[WhiteElo "2354"]
[BlackElo "2434"]
[PlyCount "146"]
[EventDate "2021.??.??"]
[EventType "blitz"]

1. e4 e5 2. Nf3 d5 3. d3 dxe4 4. dxe4 Qxd1+ 5. Kxd1 Bg4 6. Be2 Nc6 7. c3 Bc5 8.
Rf1 Nf6 9. Nbd2 O-O-O 10. Kc2 Bh5 11. h3 Bg6 12. Bd3 Rxd3 13. Kxd3 Rd8+ 14. Ke2
Nxe4 15. Nxe4 Bxe4 16. Ne1 Bg6 17. Be3 Bd6 18. Rd1 f5 19. f3 f4 20. Bg1 e4 21.
fxe4 Bxe4 22. Nf3 Re8 23. Kd2 h6 24. Kc1 g5 25. Rde1 Bg6 26. Rxe8+ Bxe8 27. Re1
Bf7 28. Bd4 Bf8 29. Ne5 Nxe5 30. Bxe5 Kd7 31. h4 Bxa2 32. hxg5 hxg5 33. Bf6 g4
34. Rf1 Bd6 35. Bg5 Bc4 36. Rf2 f3 37. gxf3 g3 38. Rg2 Bf1 39. Rg1 g2 40. Be3
Bh2 41. Kd2 Bxg1 42. Bxg1 a6 43. Ke3 Ke6 44. f4 Kf5 45. b4 Bb5 46. Kf3 Bc6+ 47.
Kg3 b6 48. Be3 a5 49. bxa5 bxa5 50. c4 a4 51. Kf2 a3 52. Bc1 a2 53. Bb2 Kxf4
54. Kg1 Bf3 55. Kf2 Ke4 56. Kg1 Kd3 57. c5 c6 58. Kf2 Kc2 59. Be5 Bd5 60. Bd4
Kb1 61. Kg3 a1=Q 62. Bxa1 Kxa1 63. Kf2 Kb2 64. Kg1 Kb3 65. Kf2 Kb4 66. Kg1 Kxc5
67. Kh2 Kb4 68. Kg1 Kb3 69. Kf2 c5 70. Kg1 c4 71. Kf2 c3 72. Kg1 c2 73. Kh2
c1=Q {Time forfeit} 0-1

[Event "Rated Blitz game"]
[Site "?"]
[Date "2021.06.30"]
[Round "?"]
[White "Kostik_Burnashev"]
[Black "tacticsforever2800"]
[Result "1-0"]
[WhiteElo "2475"]
[BlackElo "2440"]
[PlyCount "67"]
[EventDate "2021.??.??"]
[EventType "blitz"]

1. e4 e5 2. Nf3 d5 3. Nxe5 Bd6 4. d4 dxe4 5. Nc4 Nf6 6. Nc3 Nc6 7. Bg5 Bf5 8.
Ne3 Bg6 9. Bb5 O-O 10. Ncd5 Be7 11. Bxc6 bxc6 12. Nxe7+ Qxe7 13. O-O Qd6 14.
Nc4 Qd5 15. Ne5 Nd7 16. c4 Qe6 17. Nxd7 Qxd7 18. Qd2 f6 19. Bf4 Rfd8 20. Be3 h5
21. Qa5 Rab8 22. b3 h4 23. h3 Bf5 24. Kh2 Ra8 25. Rad1 Re8 26. d5 Qf7 27. dxc6
Qg6 28. Rd4 Re5 29. Rd5 Rae8 30. Qxc7 Rxd5 31. cxd5 Re5 32. d6 Bxh3 33. gxh3
Rg5 34. Bxg5 {Normal} 1-0

[Event "Rated Blitz game"]
[Site "?"]
[Date "2021.06.30"]
[Round "?"]
[White "vasiljev_alex2020"]
[Black "annaly1979"]
[Result "0-1"]
[WhiteElo "2448"]
[BlackElo "2421"]
[PlyCount "72"]
[EventDate "2021.??.??"]
[EventType "blitz"]

1. e4 e5 2. Nf3 d5 3. Nxe5 Qe7 4. d4 f6 5. Nd3 Nc6 6. c3 Bf5 7. Be2 Bxe4 8. O-O
Qf7 9. Nd2 Bf5 10. b4 Bd6 11. Nc5 Bxc5 12. bxc5 Nge7 13. Nf3 O-O 14. Bf4 Ng6
15. Bg3 Rfe8 16. Re1 Qd7 17. Bb5 Bg4 18. h3 Rxe1+ 19. Qxe1 Bxf3 20. gxf3 Qxh3
21. Qf1 Qf5 22. Qd3 Qg5 23. Qe3 Qf5 24. Bd3 Qd7 25. Bxg6 hxg6 26. Qf4 Rc8 27.
Re1 g5 28. Qg4 Qxg4 29. fxg4 Kf7 30. Re3 b6 31. cxb6 cxb6 32. Re2 Na5 33. Re3
Nc4 34. Rf3 Nd2 35. Rd3 Ne4 36. Kg2 Rxc3 {Normal} 0-1

[Event "Rated Blitz game"]
[Site "?"]
[Date "2021.06.30"]
[Round "?"]
[White "JeyhunD"]
[Black "Polyclinical"]
[Result "0-1"]
[WhiteElo "2607"]
[BlackElo "2833"]
[PlyCount "128"]
[EventDate "2021.??.??"]
[EventType "blitz"]

1. e4 e5 2. Nf3 d5 3. Nxe5 Bd6 4. d4 dxe4 5. Qh5 g6 6. Qe2 Qe7 7. Nc3 Nf6 8.
Bg5 Bxe5 9. dxe5 Qxe5 10. Bxf6 Qxf6 11. Nxe4 Qxb2 12. Nd6+ Kd7 13. Qg4+ Kxd6
14. Rd1+ Ke7 15. Qg5+ Qf6 16. Qc5+ Ke8 17. Bb5+ c6 18. O-O Be6 19. Rfe1 Nd7 20.
Qd6 Qe7 21. Qd4 Nf6 22. Bc4 Rd8 23. Qxa7 Rxd1 24. Rxd1 Kf8 25. Bxe6 fxe6 26.
Rc1 Kf7 27. Rb1 Rd8 28. h3 Rd7 29. Qe3 e5 30. a4 e4 31. a5 Qe5 32. a6 bxa6 33.
g3 Nd5 34. Qh6 Kg8 35. c4 Nf6 36. Rb6 e3 37. Qxe3 Qxe3 38. fxe3 Rc7 39. Rxa6
Nd7 40. Kf2 Ne5 41. c5 Nd3+ 42. Kf3 Nxc5 43. Ra8+ Kf7 44. Rd8 Nd7 45. e4 Ke7
46. Rh8 Nf8 47. Ke3 Kf7 48. e5 Kg7 49. Rxf8 Kxf8 50. Kd4 Ke7 51. Kc5 Ke6 52.
Kb6 Rf7 53. Kc5 Kxe5 54. Kxc6 Rf3 55. Kc5 Rxg3 56. Kc6 Rxh3 57. Kd7 Rg3 58. Ke7
g5 59. Kf7 g4 60. Kg7 Rf3 61. Kh6 g3 62. Kh5 g2 63. Kh4 g1=Q 64. Kh5 Rh3# {
Normal} 0-1

[Event "Rated Blitz game"]
[Site "?"]
[Date "2021.06.30"]
[Round "?"]
[White "CryptoHyppo"]
[Black "batasjon"]
[Result "1-0"]
[WhiteElo "2528"]
[BlackElo "2363"]
[PlyCount "85"]
[EventDate "2021.??.??"]
[EventType "blitz"]

1. e4 e5 2. Nf3 d5 3. exd5 e4 4. Qe2 Nf6 5. d3 Qxd5 6. Nbd2 Nc6 7. Nxe4 Be6 8.
Nxf6+ gxf6 9. Qe4 Qxe4+ 10. dxe4 Nb4 11. Bd3 O-O-O 12. Ke2 Rg8 13. g3 Bg7 14.
a3 Nxd3 15. cxd3 Rge8 16. Be3 f5 17. e5 Bd5 18. Rac1 Bxe5 19. Nxe5 Rxe5 20.
Rhe1 Rde8 21. Rc3 a6 22. Rec1 c6 23. Kd2 Kd7 24. b4 h5 25. h4 Be6 26. Rc5 Bd5
27. Rg1 Rg8 28. Bf4 Re6 29. Re1 Rge8 30. Rxe6 fxe6 31. d4 Rg8 32. Rc3 Ra8 33.
Re3 a5 34. bxa5 Rxa5 35. Rc3 Ra4 36. Ke3 b5 37. Be5 Bc4 38. Kf4 Ra8 39. Kg5 Be2
40. Re3 Bd1 41. Rd3 Rg8+ 42. Kh6 Ke7 43. Rxd1 {Normal} 1-0